| 000 | 00559nim a2200205 i 4500 | ||
|---|---|---|---|
| 001 | bgj | ||
| 245 | 0 | 0 |
_aHere's Patch : _bthe puppy : songs / _c[Joy Morris and Joanne Ramsden]. |
| 260 |
_aOxford : _bMacmillan, _cc. 2005. |
||
| 300 | _acompact disc. | ||
| 650 | 9 | _aEnglish language | |
| 655 | _aTextbooks for children | ||
| 700 | 1 |
_aMORRIS, Joy. _eco-author |
|
| 700 | 1 |
_aRAMSDEN, Joanne. _eco-author |
|
| 020 | _a1405074744 | ||
| 040 | _cBPK | ||
| 041 | 0 | _aeng | |
| 920 | _a1-405-07474-4 | ||
| 942 | _cCD | ||
| 008 | s uk f |000 0 eng | ||
| 999 |
_c41224 _d41224 |
||